|
|
|
|
| LEADER |
00908nam a2200229 a 4500 |
| 001 |
14042651 |
| 008 |
090528s2005 enka b 001 0 eng d |
| 010 |
|
|
|a 2005279076
|
| 020 |
|
|
|a 0199277877 (pbk.)
|
| 040 |
|
|
|a DLC
|c DLC
|d DLC
|
| 082 |
0 |
0 |
|a 570
|2 22
|
| 100 |
1 |
|
|a Lesk, Arthur M.
|
| 245 |
1 |
0 |
|a Introduction to bioinformatics /
|c Arthur M. Lesk.
|
| 246 |
3 |
0 |
|a Bioinformatics
|
| 250 |
|
|
|a 2nd ed.
|
| 260 |
|
|
|a Oxford ;
|a New York :
|b Oxford University Press,
|c 2005.
|
| 300 |
|
|
|a xviii, 360 p., 10 p. of plates :
|b ill. (some col.) ;
|c 25 cm.
|
| 504 |
|
|
|a Includes bibliographical references and index.
|
| 650 |
|
0 |
|a Bioinformatics.
|
| 852 |
4 |
|
|a Ayesha Abed Library
|j General shelf
|
| 999 |
|
|
|c 1170
|d 1170
|
| 952 |
|
|
|0 0
|1 0
|2 ddc
|4 0
|6 570_000000000000000_LES
|7 0
|9 1058
|a BRACUL
|b BRACUL
|c GEN
|d 2009-06-24
|g 0.00
|l 14
|m 108
|o 570 LES
|p 3010013195
|r 2026-01-15
|s 2025-12-24
|t 1
|w 2009-06-24
|y BK
|x No price found in the accession register.
|